000 00696nam a2200301Ia 4500
005 20260401122053.0
008 008 250103s9999 xx 000 0 eng d
020 _a521397472
037 _aTB
040 _aEDL
040 _beng
040 _cEDL
041 _2eng
041 _aeng
084 _a823 RAI
084 _qEDL
100 _aRai, Alok
245 0 _aOrwell and the Politics of Despair: Critical Study of the Writings of George Orwell
245 0 _cRai, Alok
260 _aCambridge
260 _bCambridge University Press
260 _c1990
300 _a192p
942 _cTB
942 _h823 RAI
999 _c1844715
_d1844715